000 00390nam a22001577a 4500
005 20180720144820.0
008 160514b xxu||||| |||| 00| 0 eng d
041 _aeng
082 _b2291
_a658.3
100 _aK. Aswathappa
_9572
245 _aOrganizational Behavior
260 _aNew Delhi
_bHimalaya Publishing House,
_c2009
300 _a597p,
650 _aManagement
_9241
942 _cBK
999 _c836
_d836